Govt. of
Madhya Pradesh

Folktales from odisha when ravens speak and horses fly (Record no. 68968)

MARC details
000 -LEADER
fixed length control field 00320nam a22001217a 4500
020 ## - INTERNATIONAL STANDARD BOOK NUMBER
ISBN 978-93-5548-108-5
082 ## - DEWEY DECIMAL CLASSIFICATION NUMBER
Classification number 823/JEN
100 ## - MAIN ENTRY--AUTHOR NAME
Personal name Jena.Mona lisa
245 ## - TITLE STATEMENT
Title Folktales from odisha when ravens speak and horses fly
260 ## - PUBLICATION, DISTRIBUTION, ETC. (IMPRINT)
Place of publication New delhi
Name of publisher Sahitya akademi
Year of publication 2025
650 ## - SUBJECT ADDED ENTRY--TOPICAL TERM
Topical Term Short stories
942 ## - ADDED ENTRY ELEMENTS (KOHA)
Koha item type Books
Holdings
Withdrawn status Lost status Damaged status Not for loan Home library Current library Date acquired Cost, normal purchase price Full call number Accession Number Price effective from Koha item type
        MACL MACL 08/04/2026 225.00 823/JEN CRE040431 08/04/2026 Books